| 000 | 00299nam a22001217a 4500 | ||
|---|---|---|---|
| 999 |
_c16591 _d16591 |
||
| 003 | Nust | ||
| 005 | 20170313165013.0 | ||
| 008 | 131128t xxu||||| |||| 00| 0 eng d | ||
| 020 | _a1451175620 | ||
| 040 |
_aASAB _cASAB |
||
| 082 | _a574.19 CHA | ||
| 100 |
_aPamela C. Champe _9324 |
||
| 245 | _aLippincott's Illustrated Reviews Biochemistry | ||
| 250 | _a4th Ed. | ||
| 300 | _a340 | ||
| 942 |
_2ddc _cBK |
||